| 000 | 01016cam a2200289u 4500 | ||
|---|---|---|---|
| 999 |
_c21725 _d21725 |
||
| 001 | 9718912 | ||
| 003 | BDDh-ASL | ||
| 005 | 20231015030031.0 | ||
| 008 | 940909s1939 enkabc 000 0beng | ||
| 010 | _a 40001583 | ||
| 040 |
_aDLC _cCarP _dDLC _dBDDh-ASL |
||
| 043 | _aa-ii--- | ||
| 050 | 0 | 0 |
_aDS475.2.N5 _bP35 1939 |
| 082 |
_a954.56 _bPEH |
||
| 100 | 1 |
_aPearson, Hesketh, _d1887-1964. |
|
| 245 | 1 | 4 |
_aThe hero of Delhi : _ba life of John Nicholson, savior of India, and a history of his wars _c[by] Hesketh Pearson. |
| 260 |
_aLondon : _bCollins _c1939. _c1948. |
||
| 300 |
_a291 p. : _bfront., illus. (map) pl., ports. _c23 cm. |
||
| 500 | _a"Authorities": p. 281-284. | ||
| 600 | 1 | 0 |
_aNicholson, John, _d1821-1857. |
| 650 | 0 | _aAfghan Wars. | |
| 651 | 0 |
_aIndia _xHistory _yBritish occupation, 1765-1947 _vBiography. |
|
| 651 | 0 |
_aIndia _xHistory _ySepoy Rebellion, 1857-1858. |
|
| 651 | 0 |
_aDelhi (India) _xHistory _ySiege, 1857. |
|
| 906 |
_a0 _bcbc _cpremunv _du _encip _f19 _gy-gencatlg |
||
| 942 |
_2ddc _cBK |
||